It's so nice to have a wolf around the house /

Cuthbert Q. Devine tries to hide the fact that he is a wolf with a shady past by becoming the companion to a kind old man and his pets.

Bibliographic Details
Main Author: Allard, Harry, 1928-
Other Authors: Marshall, James, 1942-1992
Format: Book
Language:English
Published: Garden City, N.Y. : Doubleday, [1977]
Subjects:

MARC

Tag First Indicator Second Indicator Subfields
LEADER 00000pam a2200000 a 4500
001 in00000084766
005 20151008053221.0
008 761109s1977 nyua j 00011 engm
010 |a  76048836  
020 |z 0385113005. 
020 |a 0385113013 (lib. bdg.) :  |c $5.95 
020 |a 0385113013 (lib. bdg. :)  |c $5.95 
035 |a (OCoLC)02614197 
035 |9 AAH6687AM 
040 |a DLC  |c DLC  |d m.c.  |d TXA  |d UtOrBLW 
049 |a [Curr Col] TXAM  |c [388430] 
050 0 0 |a PZ7 A413  |b  It 
082 0 |a [E] 
100 1 |a Allard, Harry,  |d 1928- 
245 1 0 |a It's so nice to have a wolf around the house /  |c by Harry Allard ; illustrated by James Marshall. 
264 1 |a Garden City, N.Y. :  |b Doubleday,  |c [1977] 
264 4 |c ©1977 
300 |a 32 unnumbered pages :  |b color illustrations ;  |c 22 cm. 
336 |a text  |b txt  |2 rdacontent 
337 |a unmediated  |b n  |2 rdamedia 
338 |a volume  |b nc  |2 rdacarrier 
520 |a Cuthbert Q. Devine tries to hide the fact that he is a wolf with a shady past by becoming the companion to a kind old man and his pets. 
650 1 |a Wolves  |x Fiction. 
700 1 |a Marshall, James,  |d 1942-1992. 
999 |a MARS 
999 f f |s dd2f8158-c25c-312c-8e0d-58f2698d70e3  |i d8147c39-950e-34ae-8a59-51b0c18b99e1  |t 0 
952 f f |p normal  |a Texas A&M University  |b College Station  |c Sterling C. Evans Library  |d Evans: Curriculum Collection (4th floor)  |t 0  |e PZ7 A413 It  |h Library of Congress classification  |i unmediated -- volume  |m A14805954154 
998 f f |a PZ7 A413 It  |t 0  |l Evans: Curriculum Collection (4th floor)